01014nam a2200193Ia 4500001001000000003001000010008004100020040002500061041001400086100002000100245008900120250001100209260005300220300002900273500018700302501011400489520018700603650003000790L220-4204IT-CnALBA170116s9999||||xx |||||||||||||| ||und|| aIT-CnALBAcIT-CnALBA aBILINGUE  aMOSÈ, PROFETA 0aSACRA SCRITTURA. TOMO IV. IL LEVITICO GIUSTA LA VULGATA IN LINGUA LATINA E VOLGARE.  a2a ed. a VENEZIAbBASEGIO LORENZO c1775 [1° Ed.: n.d.] a272 p. (prefazione: 510) aINDICE DELL'ESODO E DEL LEVITICO. VECCHIO TESTAMENTO TESTO E COMMENTO. SPIEGAZIONE DEL SENSO LETTERALE E SPIRITUALE DEI SS. PADRI E AUTORI ECCLESIASTICI. CURATORE LE MAITRE DE SACY.  aSocietà San Paolo EM - Piazza San Paolo, 14 - 12051 ALBA (CN) (non commercial uses only) ® Copyright 2017 aINDICE DELL'ESODO E DEL LEVITICO. VECCHIO TESTAMENTO TESTO E COMMENTO. SPIEGAZIONE DEL SENSO LETTERALE E SPIRITUALE DEI SS. PADRI E AUTORI ECCLESIASTICI. CURATORE LE MAITRE DE SACY.  aBIBBIA - TESTI E COMMENTI